000
00275nam a2200121Ia 4500
100
_a
Carrier/
942
_c
RB
654
_a
Hand book
245
_a
Hand book of airconditining system design
260
_b
McGraw Hill
_a
New York
_c
1965
082
_a
697.93
546
_a
ENGLISH
999
_c
33034
_d
33034